01125nam a2200193Ia 4500001001100000003001000011008004100021040002500062041001300087100001200100245006000112250001100172260006000183300002800243500026200271501011400533520026200647650002200909A900-35504IT-CnALBA170116s9999||||xx |||||||||||||| ||und|| aIT-CnALBAcIT-CnALBA aITALIANO aAA. VV. 0aDIZIONARIO STORICO DEGLI AUTORI ECCLESIASTICI. TOMO I.  a1a ed. a VENEZIAbSTORTI GASPARE, LIBRAIO c1768 [1° Ed.:1768] a521 p. (prefazione: 23) aMATERIA IN ORDINE ALFABETICO DELLE SCIENZE ECCLESIASTICHE. INDICE ONOMASTICO DEGLI AUTORI NOMINATI NEL VOLUME. DA AARONE FINO A CUERSON CARDINALE E CUSA NICOLÒ. VITA DEI PADRI DOTTORI E SCRITTORI ECCLESIASTICI. INTERPRETI DELLE SCRITTURE. TESORO DI SAGGEZ aSocietà San Paolo EM - Piazza San Paolo, 14 - 12051 ALBA (CN) (non commercial uses only) ® Copyright 2017 aMATERIA IN ORDINE ALFABETICO DELLE SCIENZE ECCLESIASTICHE. INDICE ONOMASTICO DEGLI AUTORI NOMINATI NEL VOLUME. DA AARONE FINO A CUERSON CARDINALE E CUSA NICOLÒ. VITA DEI PADRI DOTTORI E SCRITTORI ECCLESIASTICI. INTERPRETI DELLE SCRITTURE. TESORO DI SAGGEZ aSTORIA UNIVERSALE